Normal view
MARC view
- Mujeres
Entry Materia
001 - NÚMERO DE CONTROL DEL REGISTRO
- campo de control: 962
003 - IDENTIFICADOR DE NUMERO DE CONTROL
- campo de control: MX-MxUPN
005 - FECHA Y HORA DE LA ÚLTIMA TRANSACCIÓN
- campo de control: 20250320095245.0
008 - DATOS DE LONGITUD FIJA
- campo de control de longitud fija: 250320dn fcnnnbaba n ana |d
035 ## - NÚMERO DE CONTROL DEL SISTEMA
- Número de control del sistema: UPN10000000962
040 ## - FUENTE DE LA CATALOGACIÓN
- Lengua de catalogación: SPA
- Agencia de transcripción: UPN
053 #4 - NÚMERO CLASIFICADOR - BIBLIOTECA DEL CONGRESO (LC)
- Elemento numérico de la clasificación - Número único o no. inicial del rango: LC1496.5 A7.5
150 ## - ENCABEZAMIENTO - TEMÁTICO
- Término de materia o nombre geográfico como elemento inicial: Mujeres
- Subdivisión de materia general: Educación
- Subdivisión geográfica: Asia
670 ## - FUENTE EN LA QUE SE LOCALIZARON DATOS
- Cita de la fuente: Autoridades LC, 20 marzo 2025 :
- Información localizada: (Women - Education - Asia)
- Identificador Uniforme del Recurso: https://authorities.loc.gov
902 ## - CATALOGADOR
- Catalogador: MCM/020905
- Catalogador: VíctorGodínez/200325
